| 000 | 01033nam a2200265Ia 4500 | ||
|---|---|---|---|
| 003 | OSt | ||
| 005 | 20220923211308.0 | ||
| 006 | a|||||r|||| 00| 0 | ||
| 007 | ta | ||
| 008 | 220922b |||||||| |||| 00| 0 hin d | ||
| 020 |
_a9788179753170 (hbk) _c800 |
||
| 024 | _a317,475 | ||
| 037 |
_b79, 15/03/2017, Mallika Books _cTextual |
||
| 040 |
_aARTS _cARTS _bhin |
||
| 041 |
_2hin _ahin |
||
| 082 | _a4:(Y5927), 152Q0 | ||
| 100 |
_aश्यौराजसिंह, 'बेचैन', ले. _9160186 |
||
| 245 | 0 | _aअम्बेडकर गांधी और दलित पत्रकारिता | |
| 246 | _aAmbeḍakar gāandhī aur dalit patrakāritā | ||
| 260 |
_aनई दिल्ली _b अनामिका पब्लिशर्स _c2010 |
||
| 300 |
_a375पृ. _ccm. |
||
| 650 | _aपत्रकारिता | ||
| 942 |
_h4:(Y5927), 152Q0 _cTEXL _2CC |
||
| 999 |
_c298205 _d298205 |
||